<?xml version="1.0" encoding="UTF-8"?>
<record
    xmlns:xsi="http://www.w3.org/2001/XMLSchema-instance"
    xsi:schemaLocation="http://www.loc.gov/MARC21/slim http://www.loc.gov/standards/marcxml/schema/MARC21slim.xsd"
    xmlns="http://www.loc.gov/MARC21/slim">

  <leader>01575naa a2200229 i 4500</leader>
  <controlfield tag="001">90</controlfield>
  <controlfield tag="003">KOSZ 005</controlfield>
  <controlfield tag="005">20191005132641.0</controlfield>
  <controlfield tag="008">151024s2002    pl     f     |100 0 pol</controlfield>
  <datafield tag="040" ind1=" " ind2=" ">
    <subfield code="c">BPK</subfield>
    <subfield code="d">KOSZ 005/EG</subfield>
  </datafield>
  <datafield tag="080" ind1=" " ind2=" ">
    <subfield code="a">621.395.721.5</subfield>
  </datafield>
  <datafield tag="100" ind1="1" ind2=" ">
    <subfield code="a">Janke, W&#x142;odzimierz</subfield>
    <subfield code="e">Autor</subfield>
    <subfield code="d">1996 - .</subfield>
    <subfield code="b">Politechnika Koszali&#x144;ska - Wydzia&#x142; Elektroniki,</subfield>
    <subfield code="c">Katedra Element&#xF3;w i Miernictwa Elektronicznego</subfield>
  </datafield>
  <datafield tag="245" ind1="1" ind2="0">
    <subfield code="a">Realizacja filtru zespolonego BiCMOS do odbiornika telefonii kom&#xF3;rkowej /</subfield>
    <subfield code="c">Grzegorz Blakiewicz, W&#x142;odzimierz Janke.</subfield>
  </datafield>
  <datafield tag="500" ind1=" " ind2=" ">
    <subfield code="a">Dane z autopsji.</subfield>
  </datafield>
  <datafield tag="520" ind1=" " ind2=" ">
    <subfield code="a">Przedstawiono projekt i spos&#xF3;b realizacji filtru zespolonego w technologii BiCMOS 0.8um. Filtr zosta&#x142; zaprojektowany do toru odbiorczego przeno&#x15B;nego terminala telefonii kom&#xF3;rkowej GSM z nisk&#x105; cz&#x119;stotliwo&#x15B;ci&#x105; po&#x15B;redni&#x105;. Dzi&#x119;ki dobrym parametrom u&#x17C;ytego operacyjnego wzmacniacza r&#xF3;&#x17C;nicowego, realizowany filtr charakteryzuje si&#x119; du&#x17C;&#x105; dynamik&#x105; SFDR=95dB oraz stosunkowo niskim r&#xF3;wnowa&#x17C;nym zumem wej&#x15B;ciowym 100nV 1[pierwiastek]Hz. Prototypowy uk&#x142;ad pobiera 33mW z pojedynczego &#x17A;r&#xF3;d&#x142;a zasilania 3.3V.</subfield>
  </datafield>
  <datafield tag="650" ind1=" " ind2="0">
    <subfield code="a">Filtry.</subfield>
  </datafield>
  <datafield tag="650" ind1=" " ind2="0">
    <subfield code="a">Telefonia kom&#xF3;rkowa.</subfield>
  </datafield>
  <datafield tag="655" ind1=" " ind2="0">
    <subfield code="a">Materia&#x142;y konferencyjne.</subfield>
  </datafield>
  <datafield tag="773" ind1="0" ind2=" ">
    <subfield code="i">W :</subfield>
    <subfield code="t">Pierwsza Krajowa Konferencja Elektroniki KKE'2002, Ko&#x142;obrzeg-D&#x17A;wirzyno 10-12.06.2002 : materia&#x142;y konferencji. T. 2/2. - </subfield>
    <subfield code="d">Koszalin : Wydzia&#x142; Elektroniki Politechniki Koszali&#x144;skiej, 2002. -</subfield>
    <subfield code="g">s. 787-792</subfield>
  </datafield>
  <datafield tag="711" ind1="2" ind2="2">
    <subfield code="a">Krajowa Konferencja Elektroniki</subfield>
    <subfield code="n">(1 ;</subfield>
    <subfield code="d">2002 ;</subfield>
    <subfield code="c">Ko&#x142;obrzeg / D&#x17A;wirzyno, Polska).</subfield>
    <subfield code="p">KKE'2002</subfield>
  </datafield>
  <datafield tag="942" ind1=" " ind2=" ">
    <subfield code="c">ROZ</subfield>
    <subfield code="2">UKD</subfield>
  </datafield>
  <datafield tag="999" ind1=" " ind2=" ">
    <subfield code="c">90</subfield>
    <subfield code="d">90</subfield>
  </datafield>
  <datafield tag="952" ind1=" " ind2=" ">
    <subfield code="0">0</subfield>
    <subfield code="1">0</subfield>
    <subfield code="4">0</subfield>
    <subfield code="7">0</subfield>
    <subfield code="a">BPK</subfield>
    <subfield code="b">BPK</subfield>
    <subfield code="o">64034</subfield>
    <subfield code="y">ROZ</subfield>
  </datafield>
</record>
